000 00883nam a22002177a 4500
999 _c10777
_d10777
003 AR-CdUCM
008 190402b ||||| |||| 00| 0 spa d
040 _aMUNICIPALIDAD PROVINCIAL DEL CUSCO
_cBIBLIOTECA MUNICIPAL DEL CUSCO
082 _a344.5 /
_bL81 / 1902
100 _aLombroso, Cesar
_927793
245 _aEl delito sus causas y remedios /
260 _aMadrid :
_bSuárez,
_c1902.
300 _a651 páginas ;
_c20 cm.
505 _aContenido : Etiología del delito -- Influencia meteórica y de clima, estaciones, meses, grandes calores -- Influencia de raza, salvajes buenos, centros criminales, raza semita, los griegos en Italia y Francia -- Civilización barbarie, aglomeraciones ...
650 _aDelito
_95138
650 _aCausas
_927794
650 _aRemedios
_927795
700 _aDe Quirós, C. Bernaldo
_927796
942 _2ddc
_cLIBROS
945 _arah